The story of the Old Testament : (Record no. 10735)

MARC details
000 -LEADER
fixed length control field 00947cam a22002774a 4500
001 - CONTROL NUMBER
control field 12464857
003 - CONTROL NUMBER IDENTIFIER
control field OSt
005 - DATE AND TIME OF LATEST TRANSACTION
control field 20210303145104.0
008 - FIXED-LENGTH DATA ELEMENTS--GENERAL INFORMATION
fixed length control field 010710s2001 miuab b 001 0 eng
010 ## - LIBRARY OF CONGRESS CONTROL NUMBER
LC control number 2001037931
020 ## - INTERNATIONAL STANDARD BOOK NUMBER
International Standard Book Number 0801012309
040 ## - CATALOGING SOURCE
Original cataloging agency DLC
Transcribing agency DLC
Modifying agency DLC
042 ## - AUTHENTICATION CODE
Authentication code pcc
050 00 - LIBRARY OF CONGRESS CALL NUMBER
Classification number BS1194
Item number M922S
082 00 - DEWEY DECIMAL CLASSIFICATION NUMBER
Classification number 221.6/1
Edition number 21
Item number M922S
100 1# - MAIN ENTRY--PERSONAL NAME
Personal name Motyer, J. A.
245 14 - TITLE STATEMENT
Title The story of the Old Testament :
Remainder of title men with a message /
Statement of responsibility, etc. by Alec Motyer ; revised by John Stott.
260 ## - PUBLICATION, DISTRIBUTION, ETC.
Place of publication, distribution, etc. Grand Rapids, Mich. :
Name of publisher, distributor, etc. Baker Books,
Date of publication, distribution, etc. 2001.
300 ## - PHYSICAL DESCRIPTION
Extent 190 p. :
Other physical details col. ill., col. maps ;
Dimensions 25 cm.
504 ## - BIBLIOGRAPHY, ETC. NOTE
Bibliography, etc. note Includes bibliographical references and index.
630 00 - SUBJECT ADDED ENTRY--UNIFORM TITLE
Uniform title Bible.
Name of part/section of a work Old Testament
Form subdivision Introductions.
700 1# - ADDED ENTRY--PERSONAL NAME
Personal name Stott, John R. W.
906 ## - LOCAL DATA ELEMENT F, LDF (RLIN)
a 7
b cbc
c orignew
d 1
e ocip
f 20
g y-gencatlg
942 ## - ADDED ENTRY ELEMENTS (KOHA)
Source of classification or shelving scheme Dewey Decimal Classification
Koha item type Books
Holdings
Withdrawn status Lost status Source of classification or shelving scheme Damaged status Not for loan Collection code Home library Current library Shelving location Date acquired Total Checkouts Full call number Barcode Date last seen Date last checked out Price effective from Koha item type
    Dewey Decimal Classification     Non-fiction Harvest Mission College Harvest Mission College General Stacks 04.03.2021 1 221.61 M922S 012535 27.03.2024 17.01.2024 03.08.2021 Books

OPAC Designed and Maintained by HMC Library Team.
Copyright © HMC Library,Greater Noida, UP.
For any Suggestions/Query Contact library via Email:libhmc@gmail.com